000 00415cam a2200157ua 4500
082 _a621.402
_bARO/CO
100 _aArora, S C.
_9788
100 _aDomkundwar, S.
_9789
245 _aCourse in heat and mass transfer /
250 _a3 / 7th Revi
260 _aNew Delhi :
_bDhanpat Rai & Co. Pvt. Ltd. ,
_c2015
300 _a ; .
500 _a14873 Binding
700 1 _aDomkundwar,Anand V.
_9790
942 _cBK
999 _c10828
_d10828